Helyi társadalom - helyi hatalom. Beszélgetés A. Gergely András politológussal
Elmentve itt :
| Szerző: | |
|---|---|
| Adatforrás: | Meister |
| Forrásdokumentuma: | A Hét. - 41 sz., 1990, 3 p. |
| Nyelv: | magyar |
| Kulcsszavak: | politikai interjú helyi társadalom hatalom (helyi) hatalom társadalom (helyi) SZELÉNYI Iván GOMBÁR Csaba KOLOSI Tamás GERGELY A. András |
| LEADER | 00681nab a2200217 i 4500 | ||
|---|---|---|---|
| 001 | bibPRO00006229 | ||
| 008 | 060524s1990 xx hun | ||
| 040 | |a Sz1 | ||
| 041 | |a hun | ||
| 100 | 1 | |a MAGYARI Nándor László ; BODÓ Julianna | |
| 245 | 1 | 0 | |a Helyi társadalom - helyi hatalom. Beszélgetés A. Gergely András politológussal |c MAGYARI Nándor László ; BODÓ Julianna |
| 695 | |a politikai interjú | ||
| 695 | |a helyi társadalom | ||
| 695 | |a hatalom (helyi) | ||
| 695 | |a hatalom | ||
| 695 | |a társadalom (helyi) | ||
| 695 | |a SZELÉNYI Iván | ||
| 695 | |a GOMBÁR Csaba | ||
| 695 | |a KOLOSI Tamás | ||
| 695 | |a GERGELY A. András | ||
| 773 | 0 | |t A Hét. - |g 41 sz., 1990, 3 p. | |